[Event "2. Bundesliga Mitte 2005/2006"]
[Site "Ansfelden"]
[Date "2005.11.05"]
[Round "3.4"]
[White "Frosch, Ronald"]
[Black "Heimberger, Reinhard"]
[Result "1-0"]
[WhiteElo "2213"]
[BlackElo "2268"]
[PlyCount "103"]
[EventDate "2005.??.??"]

1. d4 d5 2. Nf3 Nf6 3. e3 e6 4. Bd3 Nbd7 5. O-O b6 6. b3 Bb7 7. Bb2 Be7 8. Ne5
O-O 9. a4 Ne4 10. a5 Nxe5 11. dxe5 f5 12. Nc3 Bb4 13. Ne2 bxa5 14. c3 Bc5 15.
Ba3 Qe7 16. Bxc5 Qxc5 17. Bxe4 fxe4 18. Nd4 Qb6 19. Qg4 Rae8 20. b4 axb4 21.
cxb4 Ba6 22. Rfc1 Bb7 23. b5 Re7 24. h3 Ra8 25. Ra3 a6 26. bxa6 Rxa6 27. Rb3
Qa7 28. Qg5 Rd7 29. Rcb1 c5 30. Nb5 Qa8 31. Nd6 Ra1 32. Qg4 Re7 33. Rxb7 Rxb7
34. Qxe6+ Kf8 35. Rxa1 Qxa1+ 36. Kh2 Qa8 37. Qxd5 Ra7 38. Qxe4 Kg8 39. Qc4+ Kf8
40. Qxc5 Kg8 41. Qc4+ Kf8 42. Ne4 Ra4 43. Qc5+ Kf7 44. Qc7+ Kg8 45. Ng5 h6 46.
Qf7+ Kh8 47. Nf3 Qb8 48. Qd7 Ra2 49. Qd6 Qb2 50. e6 Qxf2 51. Qf8+ Kh7 52. Ng5+
1-0

[Event "2. Bundesliga Mitte 2005/2006"]
[Site "Ansfelden"]
[Date "2005.11.05"]
[Round "3.4"]
[White "Kranzl, Peter"]
[Black "Poeltl, Thomas"]
[Result "1/2-1/2"]
[WhiteElo "2218"]
[BlackElo "2159"]
[PlyCount "44"]
[EventDate "2005.??.??"]

1. e4 c5 2. c3 d6 3. d4 e5 4. dxe5 dxe5 5. Qxd8+ Kxd8 6. Bc4 f6 7. f4 Nc6 8.
Nf3 Bd6 9. g3 Nge7 10. O-O Na5 11. Na3 Nec6 12. Be3 exf4 13. gxf4 Nxc4 14. Nxc4
Be7 15. f5 b6 16. Rad1+ Ke8 17. Nd6+ Bxd6 18. Rxd6 Bb7 19. Bf4 Rd8 20. Rxd8+
Kxd8 21. Kf2 Ke7 22. Rg1 Kf7 1/2-1/2

[Event "2. Bundesliga Mitte 2005/2006"]
[Site "Ansfelden"]
[Date "2005.11.05"]
[Round "3.4"]
[White "Wilfling, Hermann"]
[Black "Stadler, Peter"]
[Result "1/2-1/2"]
[WhiteElo "2125"]
[BlackElo "2175"]
[PlyCount "33"]
[EventDate "2005.??.??"]

1. d4 Nf6 2. c4 g6 3. Nc3 d5 4. cxd5 Nxd5 5. e4 Nxc3 6. bxc3 Bg7 7. Bc4 O-O 8.
Ne2 c5 9. Be3 Nc6 10. O-O Qc7 11. Rc1 Rd8 12. Qd2 Qa5 13. Rfd1 b5 14. Bd5 Bb7
15. Bxc6 Bxc6 16. d5 c4 17. Bd4 1/2-1/2

[Event "2. Bundesliga Mitte 2005/2006"]
[Site "Ansfelden"]
[Date "2005.11.05"]
[Round "3.5"]
[White "Shengelia, Davit"]
[Black "Lenic, Luka"]
[Result "0-1"]
[WhiteElo "2553"]
[BlackElo "2348"]
[PlyCount "110"]
[EventDate "2005.??.??"]

1. d4 Nf6 2. g3 g6 3. Bg2 Bg7 4. e4 d6 5. Ne2 O-O 6. O-O e5 7. h3 Nbd7 8. d5
Nc5 9. b4 Na6 10. a3 c5 11. c3 Ne8 12. g4 Nac7 13. Be3 b6 14. Nd2 Bf6 15. Nf3
Ng7 16. Ng3 Be7 17. Bh6 Nce8 18. Kh1 Kh8 19. Rg1 Nf6 20. Bf1 Ng8 21. Be3 f5 22.
gxf5 gxf5 23. exf5 Nxf5 24. Nxf5 Bxf5 25. Ng5 Bxg5 26. Rxg5 Qd7 27. Kh2 Nf6 28.
Bb5 Qxb5 29. Rxf5 Qc4 30. Bg5 Nd7 31. Qf3 e4 32. Rxf8+ Rxf8 33. Qg3 Qxd5 34.
Rg1 Qe5 35. Kh1 Qxg3 36. fxg3 Rf3 37. Bf4 d5 38. Rd1 Rd3 39. Rxd3 exd3 40. Kg2
Kg7 41. Kf3 Kf6 42. a4 Ke6 43. g4 c4 44. Be3 a6 45. b5 axb5 46. axb5 Ne5+ 47.
Kf2 Nf7 48. Bxb6 Nd6 49. Bd4 Nxb5 50. Bg7 d4 51. cxd4 c3 52. Ke3 d2 53. Ke2 Kd5
54. Bh6 Nxd4+ 55. Kd1 Ke4 0-1

[Event "2. Bundesliga Mitte 2005/2006"]
[Site "Ansfelden"]
[Date "2005.11.05"]
[Round "3.5"]
[White "Sebenik, Matej"]
[Black "Stohl, Igor"]
[Result "1/2-1/2"]
[WhiteElo "2386"]
[BlackElo "2548"]
[PlyCount "28"]
[EventDate "2005.??.??"]

1. d4 Nf6 2. c4 e6 3. Nf3 b6 4. g3 Ba6 5. Qb3 Nc6 6. Nbd2 d5 7. Bg2 Bb7 8. cxd5
exd5 9. O-O Be7 10. Ne5 O-O 11. Nxc6 Bxc6 12. Nf3 Bb7 13. Bf4 Ne4 14. Rac1 c5
1/2-1/2

[Event "2. Bundesliga Mitte 2005/2006"]
[Site "Ansfelden"]
[Date "2005.11.05"]
[Round "3.5"]
[White "Bawart, Markus"]
[Black "Jeric, Simon"]
[Result "1-0"]
[WhiteElo "2338"]
[BlackElo "2332"]
[PlyCount "117"]
[EventDate "2005.??.??"]

1. Nf3 d5 2. c4 d4 3. e3 c5 4. exd4 cxd4 5. d3 Nc6 6. a3 a5 7. Bf4 f6 8. Be2 e5
9. Bc1 Nge7 10. O-O Ng6 11. Ne1 Be7 12. Bh5 O-O 13. b3 Be6 14. Ra2 Qd7 15. g3
Rab8 16. Re2 b5 17. Nd2 Nd8 18. Ng2 Nf7 19. f4 bxc4 20. bxc4 Rfc8 21. Nf3 Bd6
22. fxe5 Nfxe5 23. Nxe5 Nxe5 24. Bf4 Bg4 25. Bxg4 Qxg4 26. Bxe5 fxe5 27. Qe1
Rf8 28. Ref2 Rxf2 29. Rxf2 a4 30. Qa5 Rb1+ 31. Ne1 h6 32. Kg2 Kh7 33. Nf3 Rb3
34. c5 Bb8 35. c6 Qc8 36. Qxa4 Rxd3 37. Nxe5 Rc3 38. Nd7 Bd6 39. Rc2 Bxa3 40.
Rxc3 dxc3 41. Qc2+ Kh8 42. Qxc3 Bd6 43. Qc4 Qe8 44. Nb6 Qe3 45. Nd5 Qe6 46. Qd3
Qe8 47. Qc2 Qe6 48. Nb6 Qe5 49. Nd7 Qd5+ 50. Kf2 Qd4+ 51. Kf3 g5 52. Ke2 Qg4+
53. Ke3 Qe6+ 54. Kd4 Bc7 55. Qh7+ Kxh7 56. Nf8+ Kg8 57. Nxe6 Bb6+ 58. Ke5 Kf7
59. c7 1-0

[Event "2. Bundesliga Mitte 2005/2006"]
[Site "Ansfelden"]
[Date "2005.11.05"]
[Round "3.5"]
[White "Wagner, Stephan"]
[Black "Arztmann, Wolfgang"]
[Result "1-0"]
[WhiteElo "2165"]
[BlackElo "2090"]
[PlyCount "105"]
[EventDate "2005.??.??"]

1. c4 d6 2. Nc3 g6 3. g3 Bg7 4. Bg2 e5 5. d3 Nc6 6. Rb1 Nh6 7. b4 O-O 8. e3 Bg4
9. Qc2 Qd7 10. b5 Nd8 11. a4 Be6 12. Ba3 f5 13. Nge2 f4 14. exf4 Bh3 15. Be4
Kh8 16. Nd5 Ne6 17. fxe5 Bxe5 18. Ne3 Ng4 19. Nxg4 Bxg4 20. f4 Bg7 21. O-O Rae8
22. Bb2 Nc5 23. Nc3 c6 24. Rbe1 Bh3 25. Rf2 Ne6 26. Ne2 Nc5 27. Nd4 d5 28. cxd5
Qxd5 29. Ne6 Qxe6 30. Bxg7+ Kxg7 31. Qxc5 Qb3 32. Qd4+ Kg8 33. bxc6 bxc6 34.
Rb2 Rd8 35. Rxb3 Rxd4 36. Bxc6 Rfd8 37. Bb5 Bf5 38. Bc4+ Kf8 39. Re3 Bd7 40. a5
Bc6 41. Kf2 Bd5 42. Bxd5 R4xd5 43. Rb7 Rxa5 44. Rxh7 Kg8 45. Rb7 Ra2+ 46. Kf3
Rxh2 47. Rxa7 Rd2 48. Kg4 R2xd3 49. Ree7 R3d6 50. Kg5 Rd5+ 51. Kh6 Rb8 52. Rg7+
Kf8 53. Rh7 1-0

[Event "2. Bundesliga Mitte 2005/2006"]
[Site "Ansfelden"]
[Date "2005.11.05"]
[Round "3.5"]
[White "Trampitsch, Hannes"]
[Black "Manhardt, Thomas"]
[Result "0-1"]
[WhiteElo "2003"]
[BlackElo "2121"]
[PlyCount "102"]
[EventDate "2005.??.??"]

1. e4 c5 2. d4 cxd4 3. c3 d5 4. Qxd4 dxe4 5. Qxe4 Nc6 6. Nf3 Nf6 7. Qd3 Qc7 8.
Na3 a6 9. Nd4 e5 10. Nxc6 Bxa3 11. Nb4 Bxb4 12. cxb4 Be6 13. Be2 O-O 14. O-O b5
15. Qc3 Qxc3 16. bxc3 Rac8 17. Bb2 Ne4 18. a4 Bc4 19. Bxc4 Rxc4 20. axb5 axb5
21. Ra5 Nd6 22. Ra6 Ne4 23. Rb6 Rd8 24. Rxb5 f6 25. f3 Nxc3 26. Bxc3 Rxc3 27.
g4 Rd7 28. Rf2 Rb3 29. Kg2 Kf7 30. h4 Rd4 31. Rb7+ Kg6 32. b5 Rdb4 33. b6 Rxb6
34. Rxb6 Rxb6 35. Re2 Rb4 36. Kg3 h5 37. Re3 hxg4 38. fxg4 f5 39. gxf5+ Kxf5
40. Rf3+ Rf4 41. Rb3 Rg4+ 42. Kh3 e4 43. Rb8 Rg6 44. Re8 Kf4 45. h5 Rg3+ 46.
Kh4 Rg4+ 47. Kh3 Kf3 48. Re5 Rf4 49. Rg5 e3 50. Rg3+ Kf2 51. Rg2+ Kf1 0-1

[Event "2. Bundesliga Mitte 2005/2006"]
[Site "Ansfelden"]
[Date "2005.11.05"]
[Round "3.6"]
[White "Zaja, Ivan"]
[Black "Kozul, Zdenko"]
[Result "1/2-1/2"]
[WhiteElo "2475"]
[BlackElo "2639"]
[PlyCount "36"]
[EventDate "2005.??.??"]

1. d4 Nf6 2. c4 g6 3. Nc3 Bg7 4. e4 d6 5. Bd3 O-O 6. Nge2 Nc6 7. O-O e5 8. d5
Nd4 9. Nxd4 exd4 10. Nb5 Re8 11. Re1 a6 12. Nxd4 Nxd5 13. cxd5 Bxd4 14. Qa4 c5
15. dxc6 Qb6 16. Be3 Bxe3 17. Rxe3 bxc6 18. Qc2 Be6 1/2-1/2

[Event "2. Bundesliga Mitte 2005/2006"]
[Site "Ansfelden"]
[Date "2005.11.05"]
[Round "3.6"]
[White "Stevic, Hrvoje"]
[Black "Bukal, Vladimir Jr"]
[Result "1-0"]
[WhiteElo "2511"]
[BlackElo "2398"]
[PlyCount "83"]
[EventDate "2005.??.??"]

1. e4 e6 2. d3 d5 3. Nd2 Nf6 4. Ngf3 b6 5. c3 a5 6. Be2 Ba6 7. O-O Be7 8. Qa4+
b5 9. Qc2 O-O 10. d4 b4 11. c4 h6 12. Re1 c6 13. e5 Nfd7 14. c5 Bxe2 15. Rxe2
a4 16. Nf1 Na6 17. Bf4 Re8 18. Qd2 Bf8 19. Ng3 Qe7 20. Ne1 Reb8 21. Nd3 Rb7 22.
Be3 Rab8 23. f4 f5 24. exf6 Qxf6 25. Rae1 a3 26. b3 g6 27. Bf2 Nc7 28. Nf1 Bg7
29. h3 Kh7 30. Nh2 Qf8 31. Ng4 Nf6 32. Nxf6+ Bxf6 33. Ne5 Qe8 34. h4 h5 35. Qd3
Kg7 36. Re3 Nb5 37. Rg3 Bxe5 38. Rxe5 Nc3 39. f5 exf5 40. Rxe8 Rxe8 41. Qa6
Rbe7 42. Qxc6 1-0

[Event "2. Bundesliga Mitte 2005/2006"]
[Site "Ansfelden"]
[Date "2005.11.05"]
[Round "3.6"]
[White "Bukal, Vladimir Sr"]
[Black "Steflitsch, Erich"]
[Result "1-0"]
[WhiteElo "2382"]
[BlackElo "2352"]
[PlyCount "113"]
[EventDate "2005.??.??"]

1. c4 e5 2. Nc3 Bb4 3. g3 Bxc3 4. bxc3 d6 5. Bg2 Nc6 6. d3 Nge7 7. Nf3 O-O 8.
O-O f5 9. Ne1 f4 10. e3 fxg3 11. fxg3 Rxf1+ 12. Kxf1 Qe8 13. Kg1 Qg6 14. e4 Bg4
15. Bf3 Bxf3 16. Nxf3 Rf8 17. Be3 b6 18. Kg2 Qf6 19. Nd2 Qe6 20. Qh5 Nb8 21.
Rf1 Rxf1 22. Nxf1 Nec6 23. Qd1 Nd7 24. Qa4 Na5 25. Nd2 Nf6 26. Nf3 h6 27. Nh4
c6 28. h3 Kh7 29. Qc2 d5 30. c5 dxe4 31. dxe4 Nc4 32. Bf2 b5 33. Nf5 a5 34. g4
a4 35. Qd3 a3 36. Nd6 Nb2 37. Qf3 Na4 38. c4 b4 39. Qb3 Nc3 40. Qxb4 Nfxe4 41.
Qxa3 Nxd6 42. Qxc3 Nxc4 43. a4 g6 44. Qd3 e4 45. Qd4 h5 46. Be1 Kg8 47. Bc3 Kf7
48. a5 Na3 49. a6 Nb5 50. Qg7+ Ke8 51. Qe5 Qxe5 52. Bxe5 hxg4 53. hxg4 Kd7 54.
Kf2 Kc8 55. Ke3 Na3 56. Kxe4 Nc2 57. Kf4 1-0

[Event "2. Bundesliga Mitte 2005/2006"]
[Site "Ansfelden"]
[Date "2005.11.05"]
[Round "3.6"]
[White "Toefferl, Heimo"]
[Black "Spirk, Stefan"]
[Result "0-1"]
[WhiteElo "2116"]
[BlackElo "2077"]
[PlyCount "64"]
[EventDate "2005.??.??"]

1. d4 Nf6 2. c4 c5 3. d5 e6 4. Nc3 exd5 5. cxd5 d6 6. e4 g6 7. f4 Bg7 8. Nf3
O-O 9. Be2 Na6 10. O-O Nc7 11. Qc2 Rb8 12. a4 a6 13. a5 b5 14. axb6 Rxb6 15.
Bd2 Re8 16. Rfe1 Nxe4 17. Nxe4 Rxb2 18. Qc4 Bg4 19. Rad1 Nb5 20. Nf2 Bxf3 21.
Bxf3 Rxd2 22. Nd3 Rxd1 23. Rxd1 Qa5 24. Kf2 Bd4+ 25. Kg3 Qc3 26. Qa4 Re3 27.
Nf2 Re1 28. Qxa6 Bxf2+ 29. Kxf2 Qe3+ 30. Kg3 Rxd1 31. Qxb5 Rxd5 32. Qe8+ Qxe8
0-1

[Event "2. Bundesliga Mitte 2005/2006"]
[Site "Ansfelden"]
[Date "2005.11.06"]
[Round "4.1"]
[White "Mohr, Georg"]
[Black "Farago, Ivan"]
[Result "1/2-1/2"]
[WhiteElo "2458"]
[BlackElo "2467"]
[PlyCount "25"]
[EventDate "2005.??.??"]

1. Nf3 Nf6 2. d4 e6 3. c4 b6 4. g3 Bb7 5. Bg2 Be7 6. O-O O-O 7. Nc3 Ne4 8. Nxe4
Bxe4 9. Ne1 Bxg2 10. Nxg2 d5 11. Qa4 Qd7 12. Qxd7 Nxd7 13. cxd5 1/2-1/2

[Event "2. Bundesliga Mitte 2005/2006"]
[Site "Ansfelden"]
[Date "2005.11.06"]
[Round "4.1"]
[White "Hellmayr, Alois"]
[Black "Horvath, Gyula"]
[Result "0-1"]
[WhiteElo "2276"]
[BlackElo "2441"]
[PlyCount "110"]
[EventDate "2005.??.??"]

1. d4 Nf6 2. c4 e6 3. Nf3 b6 4. Bf4 Bb7 5. e3 Bb4+ 6. Nfd2 O-O 7. a3 Be7 8. Nc3
c5 9. Bd3 cxd4 10. exd4 d5 11. O-O dxc4 12. Nxc4 Nc6 13. Be3 Rc8 14. Rc1 Nd5
15. Re1 Bf6 16. Nb5 Be7 17. Nc3 Nxc3 18. Rxc3 Bf6 19. Be4 b5 20. Ne5 Na5 21.
Bxb7 Rxc3 22. bxc3 Nxb7 23. Qb3 a6 24. a4 Nd6 25. Bf4 Qc8 26. Nd3 bxa4 27. Qxa4
Nb5 28. c4 Nxd4 29. c5 Rd8 30. h3 Be7 31. Be3 Nf5 32. Qc4 Nxe3 33. Rxe3 Qc6 34.
Re1 Qb5 35. Ne5 Qxc4 36. Nxc4 Bxc5 37. Ra1 Rd4 38. Ne3 Rd6 39. Nc4 Rd4 40. Ne3
h5 41. Rxa6 h4 42. Rc6 Be7 43. Rc8+ Bd8 44. Kf1 Kh7 45. Ke2 Bg5 46. Rc5 Kg6 47.
Rc6 Bf4 48. Kf3 Kg5 49. Ra6 g6 50. Ra5+ f5 51. Ra2 Rb4 52. Ra6 e5 53. Ra2 Rb3
54. Rc2 Bxe3 55. fxe3 f4 0-1

[Event "2. Bundesliga Mitte 2005/2006"]
[Site "Ansfelden"]
[Date "2005.11.06"]
[Round "4.1"]
[White "Butunoi, Alexandru"]
[Black "Knoll, Hermann"]
[Result "0-1"]
[WhiteElo "2356"]
[BlackElo "2344"]
[PlyCount "92"]
[EventDate "2005.??.??"]

1. e4 e5 2. Nf3 Nc6 3. Bb5 a6 4. Ba4 Nf6 5. O-O Be7 6. Re1 b5 7. Bb3 d6 8. c3
O-O 9. h3 Nb8 10. d4 Nbd7 11. Nbd2 Bb7 12. Bc2 Re8 13. Nf1 Bf8 14. Ng3 g6 15.
Bg5 h6 16. Bd2 c5 17. d5 c4 18. b3 Qc7 19. Nh2 h5 20. Qe2 Nb6 21. Ngf1 a5 22.
g4 Bg7 23. Ne3 hxg4 24. hxg4 Ba6 25. bxc4 bxc4 26. Qf3 Nh7 27. Qg3 Bh6 28. Nxc4
Bf4 29. Bxf4 exf4 30. Qxf4 Nxc4 31. Kg2 Ne5 32. Re3 g5 33. Qg3 Ng6 34. Nf3 Nf4+
35. Kh1 f6 36. Nd4 Nf8 37. Kg1 Re7 38. Rf3 N8g6 39. e5 fxe5 40. Bxg6 exd4 41.
Rxf4 gxf4 42. Qh4 Rg7 43. Qh5 Qe7 44. Kg2 f3+ 45. Kxf3 Rf8+ 46. Kg2 Qf6 0-1

[Event "2. Bundesliga Mitte 2005/2006"]
[Site "Ansfelden"]
[Date "2005.11.06"]
[Round "4.1"]
[White "Tkaczuk, Rainer"]
[Black "Pesorda, Ivan"]
[Result "1/2-1/2"]
[WhiteElo "2248"]
[BlackElo "2260"]
[PlyCount "28"]
[EventDate "2005.??.??"]

1. e4 c5 2. Nf3 e6 3. c4 Nc6 4. Nc3 Nf6 5. Be2 d5 6. exd5 exd5 7. d4 Be7 8. O-O
O-O 9. Be3 cxd4 10. Nxd4 Ne5 11. cxd5 Nxd5 12. Nxd5 Qxd5 13. Nb5 Qxd1 14. Rfxd1
b6 1/2-1/2

[Event "2. Bundesliga Mitte 2005/2006"]
[Site "Ansfelden"]
[Date "2005.11.06"]
[Round "4.1"]
[White "Mittermayr, Gerhard"]
[Black "Kratschmer, Heinz"]
[Result "0-1"]
[WhiteElo "2182"]
[BlackElo "2022"]
[PlyCount "57"]
[EventDate "2005.??.??"]

1. e4 c5 2. Nf3 g6 3. d4 cxd4 4. Nxd4 Nc6 5. Nc3 Bg7 6. Be3 Nf6 7. Bc4 O-O 8.
Bb3 d6 9. f3 Bd7 10. Qd2 Rc8 11. O-O-O Nxd4 12. Bxd4 b5 13. e5 dxe5 14. Bxe5
Bc6 15. Qg5 Qb6 16. h4 h6 17. Qd2 Rfd8 18. Bd4 Qb7 19. Qe3 a5 20. a4 bxa4 21.
Nxa4 Bxa4 22. Bxa4 Nd5 23. Qb3 Nb4 24. Bxg7 Rxd1+ 25. Rxd1 Kxg7 26. Qe3 Na2+
27. Kb1 Nc3+ 28. Kc1 Nxd1 29. Qd4+ 0-1

[Event "2. Bundesliga Mitte 2005/2006"]
[Site "Ansfelden"]
[Date "2005.11.06"]
[Round "4.2"]
[White "Horvath, Adam"]
[Black "Baumgartner, Heinz"]
[Result "1/2-1/2"]
[WhiteElo "2436"]
[BlackElo "2294"]
[PlyCount "90"]
[EventDate "2005.??.??"]

1. e4 e5 2. Nf3 Nc6 3. Bb5 a6 4. Ba4 d6 5. O-O Bd7 6. c3 Nf6 7. Re1 Be7 8. d4
O-O 9. Nbd2 exd4 10. cxd4 Nb4 11. Bxd7 Qxd7 12. Qb3 a5 13. a3 Na6 14. Nf1 d5
15. Ne5 Qe6 16. Qxb7 dxe4 17. Qc6 Bd6 18. Ng3 Rfe8 19. Bd2 Nc5 20. Bc3 Nb3 21.
Rad1 Nxd4 22. Rxd4 Bxe5 23. Qxe6 Rxe6 24. Rc4 Rae8 25. Bxe5 Rxe5 26. Rxc7 g6
27. Rc4 h5 28. Kf1 Kg7 29. h3 h4 30. Ne2 Nh5 31. Nc3 f5 32. b4 axb4 33. axb4
Nf4 34. b5 Nd3 35. Rd1 Kh6 36. Rc7 R8e6 37. Kg1 Rb6 38. Rb1 Kg5 39. Kf1 Kf6 40.
Ra1 Ke6 41. Raa7 Rexb5 42. Nxb5 Rxb5 43. Rcb7 Rc5 44. Rc7 Rb5 45. Rcb7 Rc5
1/2-1/2

[Event "2. Bundesliga Mitte 2005/2006"]
[Site "Ansfelden"]
[Date "2005.11.06"]
[Round "4.2"]
[White "Seifert, Volker"]
[Black "Sakelsek, Tadej"]
[Result "1/2-1/2"]
[WhiteElo "2297"]
[BlackElo "2421"]
[PlyCount "52"]
[EventDate "2005.??.??"]

1. d4 Nf6 2. c4 e6 3. Nf3 b6 4. a3 Ba6 5. Qc2 Bb7 6. Nc3 c5 7. e4 cxd4 8. Nxd4
Bc5 9. Nb3 Nc6 10. Nb5 Qb8 11. Nxc5 bxc5 12. Qd3 O-O 13. f4 Nd4 14. Nxd4 Bxe4
15. Qd1 cxd4 16. Qxd4 Qb7 17. Bd2 Bxg2 18. Rg1 Qe4+ 19. Qxe4 Bxe4 20. Bc3 Bg6
21. Bxf6 gxf6 22. f5 exf5 23. Rd1 Rfe8+ 24. Kf2 Rad8 25. Bg2 Rc8 26. Rd4 Kf8
1/2-1/2

[Event "2. Bundesliga Mitte 2005/2006"]
[Site "Ansfelden"]
[Date "2005.11.06"]
[Round "4.2"]
[White "Fahrner, Kurt"]
[Black "Rolletschek, Heinrich"]
[Result "1/2-1/2"]
[WhiteElo "2355"]
[BlackElo "2246"]
[PlyCount "179"]
[EventDate "2005.??.??"]

1. d4 d6 2. e4 g6 3. c4 Bg7 4. Nc3 e5 5. dxe5 dxe5 6. Qxd8+ Kxd8 7. f4 Nd7 8.
Nf3 c6 9. Be2 f6 10. Be3 exf4 11. Bxf4 Nh6 12. O-O-O Nf7 13. h4 Ke7 14. g4 Nde5
15. g5 Nxf3 16. Bxf3 Be6 17. c5 Rad8 18. Nd5+ cxd5 19. exd5 fxg5 20. hxg5 Be5
21. Bxe5 Nxe5 22. Bg2 Nf7 23. dxe6 Nxg5 24. Bxb7 Rxd1+ 25. Rxd1 Nxe6 26. b4 Rd8
27. Re1 Kd7 28. Kc2 Rf8 29. Be4 Rf6 30. Kc3 h5 31. Kc4 g5 32. b5 Kc7 33. Kd5
Nf4+ 34. Ke5 Rf8 35. Rb1 Re8+ 36. Kf5 Ne6 37. b6+ axb6 38. cxb6+ Kd6 39. b7
Rf8+ 40. Kg6 Rb8 41. Kxh5 Nd8 42. a4 Kc7 43. Rc1+ Kb6 44. a5+ Ka7 45. Rc7 Rxb7
46. Bxb7 Nxb7 47. Kxg5 Ka6 48. Kf4 Nxa5 49. Ke5 Kb6 50. Rc1 Nc6+ 51. Kd5 Nb4+
52. Kc4 Na6 53. Rh1 Nc7 54. Rh6+ Kb7 55. Rg6 Na6 56. Kd5 Nc7+ 57. Kd6 Na6 58.
Rg1 Kb6 59. Rb1+ Ka5 60. Kd5 Nb4+ 61. Kc4 Na6 62. Rb7 Ka4 63. Rb1 Ka5 64. Rb5+
Ka4 65. Rh5 Nc7 66. Kc5 Na6+ 67. Kd4 Kb4 68. Rg5 Nc7 69. Rg1 Nb5+ 70. Kd3 Kc5
71. Rh1 Nd6 72. Rh5+ Kc6 73. Rg5 Nb5 74. Ke4 Nd6+ 75. Kd4 Nb5+ 76. Ke5 Kc5 77.
Rg1 Kc4 78. Rg8 Nc3 79. Rc8+ Kd3 80. Rc5 Ne2 81. Ra5 Nc3 82. Ra1 Kc4 83. Rh1
Kd3 84. Rh4 Nb5 85. Rg4 Nc3 86. Rb4 Ne2 87. Kd6 Nc3 88. Kc5 Ne4+ 89. Kb5 Nc3+
90. Kb6 1/2-1/2

[Event "2. Bundesliga Mitte 2005/2006"]
[Site "Ansfelden"]
[Date "2005.11.06"]
[Round "4.2"]
[White "Woeber, Friedrich"]
[Black "Kotz, Heinz Peter"]
[Result "0-1"]
[WhiteElo "2155"]
[BlackElo "2312"]
[PlyCount "102"]
[EventDate "2005.??.??"]

1. e4 e5 2. Bc4 Nf6 3. d4 exd4 4. Nf3 Nc6 5. O-O Nxe4 6. Re1 d5 7. Bxd5 Qxd5 8.
Nc3 Qh5 9. Nxe4 Be6 10. Bg5 Bd6 11. Nxd6+ cxd6 12. Bf4 Qc5 13. Ng5 O-O 14. Rxe6
fxe6 15. Nxe6 Qf5 16. Nxf8 Qxf4 17. Ne6 Qe5 18. Qe1 Re8 19. Qxe5 dxe5 20. Nc5
b6 21. Ne4 Nb4 22. c3 Nd3 23. Rb1 Rc8 24. Kf1 Rc4 25. g3 dxc3 26. Nxc3 Nxb2 27.
Nd5 Nd3 28. Ne3 Ra4 29. Rb3 e4 30. a3 Nc5 31. Rc3 Rd4 32. Ke2 Kf7 33. f3 Ke6
34. fxe4 Rxe4 35. Kf3 Ke5 36. Nc2 g5 37. h3 h5 38. Ne3 Kd4 39. Rc4+ Kd3 40.
Rxe4 Nxe4 41. Nd5 Nd2+ 42. Kf2 Kd4 43. Nc7 Ke5 44. Nb5 a6 45. Nc7 a5 46. Nb5 g4
47. hxg4 hxg4 48. a4 Ne4+ 49. Ke3 Nxg3 50. Na3 Nf5+ 51. Kd3 Kd5 0-1

[Event "2. Bundesliga Mitte 2005/2006"]
[Site "Ansfelden"]
[Date "2005.11.06"]
[Round "4.2"]
[White "Enzendorfer, Alfred"]
[Black "Aschenbrenner, Robert"]
[Result "0-1"]
[WhiteElo "2099"]
[BlackElo "2252"]
[PlyCount "64"]
[EventDate "2005.??.??"]

1. Nf3 d6 2. d4 Nf6 3. c4 g6 4. Nc3 Bg7 5. g3 O-O 6. Bg2 Nbd7 7. O-O e5 8. e4
a6 9. Re1 exd4 10. Nxd4 Ng4 11. h3 Qf6 12. Nf3 Nge5 13. Nd5 Qd8 14. Nxe5 Nxe5
15. Qb3 Rb8 16. Be3 b5 17. c5 Be6 18. cxd6 c6 19. Ne7+ Kh8 20. Qd1 Qd7 21. f4
Nc4 22. e5 Nxe3 23. Rxe3 Bxh3 24. Bxc6 Qa7 25. Qe2 f6 26. Kh2 Bg4 27. Qe1 fxe5
28. Rxe5 Qd4 29. Nd5 Qxb2+ 30. Kg1 Bf3 31. Qf1 Qd4+ 32. Kh2 Bxe5 0-1

[Event "2. Bundesliga Mitte 2005/2006"]
[Site "Ansfelden"]
[Date "2005.11.06"]
[Round "4.3"]
[White "Horvath, Tamas"]
[Black "Dervishi, Erald"]
[Result "0-1"]
[WhiteElo "2396"]
[BlackElo "2487"]
[PlyCount "70"]
[EventDate "2005.??.??"]

1. e4 e5 2. Nf3 Nc6 3. Bb5 a6 4. Ba4 Nf6 5. O-O Be7 6. Re1 b5 7. Bb3 d6 8. c3
O-O 9. d4 Bb7 10. Nbd2 Re8 11. Nf1 Bf8 12. Ng3 h6 13. dxe5 Nxe5 14. Nxe5 dxe5
15. Qf3 g6 16. Be3 Bg7 17. Qe2 Qe7 18. f3 Nd7 19. Qf2 Bf8 20. Rad1 Nc5 21. Bd5
Bxd5 22. Rxd5 Ne6 23. Red1 Red8 24. Nf1 h5 25. Qe2 c6 26. Rxd8 Rxd8 27. Rxd8
Qxd8 28. Qd2 Qa5 29. b3 b4 30. cxb4 Bxb4 31. Qd7 Bc5 32. Qxc6 Bxe3+ 33. Nxe3
Qd2 34. Qb6 Nd4 35. Nf1 Qe1 0-1

[Event "2. Bundesliga Mitte 2005/2006"]
[Site "Ansfelden"]
[Date "2005.11.06"]
[Round "4.3"]
[White "Sandhu, Mario"]
[Black "Benda, Herbert"]
[Result "1/2-1/2"]
[WhiteElo "2264"]
[BlackElo "2310"]
[PlyCount "22"]
[EventDate "2005.??.??"]

1. e4 e5 2. Nf3 Nc6 3. Bb5 a6 4. Bxc6 dxc6 5. O-O f6 6. d4 exd4 7. Nxd4 c5 8.
Nb3 Qxd1 9. Rxd1 Bd6 10. Nc3 Ne7 11. Be3 b6 1/2-1/2

[Event "2. Bundesliga Mitte 2005/2006"]
[Site "Ansfelden"]
[Date "2005.11.06"]
[Round "4.3"]
[White "Bachler, Reinhard"]
[Black "Frosch, Ronald"]
[Result "1/2-1/2"]
[WhiteElo "2241"]
[BlackElo "2213"]
[PlyCount "95"]
[EventDate "2005.??.??"]

1. f4 d5 2. Nf3 Nf6 3. g3 e6 4. Bg2 Be7 5. O-O O-O 6. d3 c5 7. Nc3 Nc6 8. e4 a6
9. Ne5 Nd4 10. Ne2 Qc7 11. c3 Nc6 12. Nxc6 bxc6 13. e5 Ne8 14. c4 Rb8 15. b3
Bd7 16. Qd2 f6 17. exf6 Nxf6 18. Ba3 d4 19. Nxd4 Bd6 20. Nf3 Ng4 21. h3 Nh6 22.
d4 cxd4 23. Bxd6 Qxd6 24. Qxd4 Qxd4+ 25. Nxd4 c5 26. Nf3 Bc6 27. Rfe1 Bxf3 28.
Bxf3 Nf5 29. Bg4 Nd4 30. Bxe6+ Kh8 31. Re4 Rbe8 32. Bd5 Rxe4 33. Bxe4 Re8 34.
Bb7 Re3 35. b4 Rxg3+ 36. Kh2 Rc3 37. Bxa6 cxb4 38. Rb1 b3 39. axb3 Nxb3 40. Bb7
g6 41. Bd5 Kg7 42. Rb2 Kf6 43. Kg2 Kf5 44. Rf2 Na5 45. Rf3 Rc2+ 46. Kg3 Nxc4
47. Bxc4 Rxc4 48. Ra3 1/2-1/2

[Event "2. Bundesliga Mitte 2005/2006"]
[Site "Ansfelden"]
[Date "2005.11.06"]
[Round "4.3"]
[White "Mussnig, Manfred"]
[Black "Wilfling, Hermann"]
[Result "1/2-1/2"]
[WhiteElo "2025"]
[BlackElo "2125"]
[PlyCount "30"]
[EventDate "2005.??.??"]

1. c4 c5 2. Nc3 Nf6 3. g3 d5 4. cxd5 Nxd5 5. Bg2 Nc7 6. d3 e5 7. Nf3 Nc6 8. O-O
Be7 9. b3 O-O 10. Bb2 f6 11. Ne1 Nd4 12. Nc2 Rb8 13. e3 Nxc2 14. Qxc2 Bf5 15.
Rad1 Qd7 1/2-1/2

[Event "2. Bundesliga Mitte 2005/2006"]
[Site "Ansfelden"]
[Date "2005.11.06"]
[Round "4.4"]
[White "Rogic, Davor"]
[Black "Flumbort, Andras"]
[Result "1-0"]
[WhiteElo "2502"]
[BlackElo "2484"]
[PlyCount "123"]
[EventDate "2005.??.??"]

1. e4 c5 2. Nf3 Nc6 3. d4 cxd4 4. Nxd4 Nf6 5. Nc3 e5 6. Ndb5 d6 7. Bg5 a6 8.
Na3 b5 9. Nd5 Be7 10. Nxe7 Nxe7 11. Bd3 Bb7 12. Qe2 Nd7 13. b4 O-O 14. O-O f6
15. Bd2 Nb6 16. c4 bxc4 17. Nxc4 d5 18. Nxb6 Qxb6 19. exd5 Bxd5 20. a3 Rfd8 21.
Be3 Qb7 22. f3 e4 23. fxe4 Bxe4 24. Bc4+ Bd5 25. Rad1 Kh8 26. Bc5 Bxc4 27. Qxc4
Ng6 28. Rd4 Ne5 29. Rfd1 Re8 30. Qd5 Qxd5 31. Rxd5 Kg8 32. R1d4 Nc6 33. Rd3 Ne5
34. R3d4 Nc6 35. Rd1 Ne5 36. h3 Nc4 37. R1d3 Ne5 38. Rc3 Red8 39. Rd6 Rdc8 40.
Kf2 Rc7 41. Ke3 Kf7 42. Kd4 Nd7 43. Kd5 a5 44. b5 Rd8 45. Bd4 Nb6+ 46. Bxb6
Rxd6+ 47. Kxd6 Rxc3 48. Bc5 Rg3 49. b6 Rxg2 50. b7 Rb2 51. Kc6 Rxb7 52. Kxb7 a4
53. Kc6 Ke6 54. Kb5 Kd5 55. Bf2 h5 56. Kxa4 Kc6 57. Bd4 Kd5 58. Bb2 Kc4 59. h4
Kc5 60. Ka5 Kc6 61. Ka6 Kc7 62. Ka7 1-0